Derecho Ambiental. Estudios desde la jurisprudencia del tribunal ambiental de Santiago.
Gardado en:
| Autor Corporativo: | |
|---|---|
| Outros autores: | |
| Formato: | Unknown |
| Publicado: |
Santiago, Chile:
Libromar,
2022.
|
| Subjects: | |
| Tags: |
Engadir etiqueta
Sen Etiquetas, Sexa o primeiro en etiquetar este rexistro!
|
MARC
| LEADER | 00000 a2200000 4500 | ||
|---|---|---|---|
| 003 | CL-VaPUC | ||
| 005 | 20220923085025.0 | ||
| 008 | 220913t2022 ||||| |||| 00| 0 eng d | ||
| 999 | |c 438712 |d 438710 | ||
| 020 | |a 978-956-6170-08-2 | ||
| 040 | |c Pontificia Universidad Católica de Valparaíso | ||
| 082 | |2 22 |a 344.83046 SEG 2022 | ||
| 110 | 1 | |a Segundo Tribunal Ambiental |e autor |9 864084 | |
| 245 | |a Derecho Ambiental. |b Estudios desde la jurisprudencia del tribunal ambiental de Santiago. | ||
| 260 | |a Santiago, Chile: |b Libromar, |c 2022. | ||
| 300 | |a Volumen II; 210 páginas. | ||
| 505 | |a Volumen II: - Participación ciudadana en el derecho ambiental. - Aplicación de las circunstancias del artículo 40 de la LOSMA. - Criterios para la determinación de las sanciones administrativas: aplicación de las circunstancias del artículo 40 de la LOSMA. | ||
| 583 | |k Cristina María Rojas Aguilar |c 20220913 | ||
| 650 | 0 | |9 257835 |a Derecho ambiental |x Jurisprudencia |z Chile | |
| 650 | 0 | |9 863074 |a Tribunales ambientales |x Jurisprudencia |z Chile | |
| 700 | |9 876837 |a Sandoval Gouët, María Eugenia |e prólogo | ||
| 942 | |2 ddc |c BK | ||
| 952 | |0 0 |1 0 |2 ddc |4 0 |6 344_830460000000000_SEG_2022 |7 0 |8 A |9 586732 |a BIBDER |b BIBDER |c GEN |d 2022-09-13 |e 22 |g 29000.00 |i 5654717 |l 2 |o 344.83046 SEG 2022 |p 5654717 |r 2024-01-24 |s 2024-01-24 |t 1 |v 29000.00 |w 2022-09-13 |y BK |k DER | ||